| 000 | 00607nam a2200145Ia 4500 | ||
|---|---|---|---|
| 008 | 151213s9999 xx 000 0 und d | ||
| 100 | _aমুহাম্মদ বিন জামিল যাইনু | ||
| 245 |
_aআরকানুল ইসলাম ওয়াল ঈমান _cমুহাম্মদ বিন জামিল যাইনু |
||
| 260 |
_aঢাকা _bআল- মুনতাদা আল ইসলামী _c2000 |
||
| 300 | _a8315 p. | ||
| 650 | _aBangla | ||
| 650 | _aIslamic | ||
| 700 | _aমুহাম্মদ বিন জামিল যাইনু | ||
| 999 |
_c4158 _d4158 |
||